| 000 | 00945nam a2200277 i 4500 | ||
|---|---|---|---|
| 001 | 12598 | ||
| 003 | KOSZ 005 | ||
| 005 | 20191118083046.0 | ||
| 008 | 070709s1970 pl a f 001 0 pol | ||
| 015 | _aPB 1970/3081 | ||
| 040 |
_aWA N _cKOSZ 005/RW _dKOSZ 005/RW |
||
| 080 | _a311 | ||
| 100 | 1 |
_aLange, Oskar _d(1904-1965) _eAutor |
|
| 245 | 1 | 0 |
_aTeoria statystyki / _cOskar Lange, Antoni Banasiński. |
| 250 | _aWyd. 2. | ||
| 260 |
_aWarszawa : _bPaństwowe Wydawnictwo Ekonomiczne, _c1970. |
||
| 300 |
_a399, [1] s. : _bil., mapa ; _c25 cm. |
||
| 380 | _aKsiążki. | ||
| 504 | _aBibliogr. s. [383]-384. Indeks. | ||
| 650 | 4 | _aStatystyka | |
| 655 | 4 | _aPodręcznik | |
| 700 | 1 |
_aBanasiński, Antoni _d(1908-1993). |
|
| 710 | 2 |
_aPaństwowe Wydawnictwo Ekonomiczne _4pbl. |
|
| 856 |
_uhttp://koha.tu.koszalin.pl/cgi-bin/koha/opac-detail.pl?biblionumber=12598 _yKatalog online BPK |
||
| 942 |
_2UKD _cKS |
||
| 999 |
_c12598 _d12598 |
||